|
|
|
|
| LEADER |
02552nam a2200613 a 4500 |
| 001 |
nkc20132455341 |
| 003 |
CZ PrNK |
| 005 |
20150525104839.0 |
| 007 |
ta |
| 008 |
130412s2013 xr ab e 000 0 cze |
| 015 |
|
|
|a cnb002455341
|
| 020 |
|
|
|a 978-80-7465-050-5
|q (váz.)
|
| 035 |
|
|
|a (OCoLC)842346643
|
| 040 |
|
|
|a ABA001
|b cze
|
| 041 |
1 |
|
|a cze
|h spa
|
| 043 |
|
|
|a n-mx---
|a nc-----
|
| 045 |
|
|
|a t-t-
|
| 072 |
|
7 |
|a 94(72)
|x Dějiny Střední Ameriky a Karibské oblasti
|2 Konspekt
|9 8
|
| 080 |
|
|
|a 94(=822.21)
|2 MRF
|
| 080 |
|
|
|a 325
|2 MRF
|
| 080 |
|
|
|a (=134.2)
|2 MRF
|
| 080 |
|
|
|a 930.2
|2 MRF
|
| 080 |
|
|
|a 821.8
|2 MRF
|
| 080 |
|
|
|a 94(72)
|2 MRF
|
| 080 |
|
|
|a (093)
|2 MRF
|
| 245 |
0 |
0 |
|a Conquista pohledem poražených :
|b vyprávění indiánů o dobytí Mexika /
|c úvod, výběr a poznámky Miguel León-Portilla ; výběr nahuaských textů Ángel María Garibay K., Miguel León-Portilla ; ilustrace z kodexů Alberto Beltrán ; [ze španělského originálu ... přeložila Ludmila Holková]
|
| 246 |
3 |
0 |
|a Vyprávění indiánů o dobytí Mexika
|
| 260 |
|
|
|a Červený Kostelec :
|b Pavel Mervart,
|c 2013
|
| 300 |
|
|
|a 245 s. :
|b il., mapy ;
|c 21 cm
|
| 504 |
|
|
|a Obsahuje bibliografie a bibliografické odkazy
|
| 648 |
|
7 |
|a 16. století
|7 ch460554
|2 czenas
|
| 650 |
0 |
7 |
|a Aztékové
|7 ph117375
|x dějiny
|2 czenas
|
| 650 |
0 |
7 |
|a kolonizace
|7 ph138674
|z Mexiko
|y 16. století
|2 czenas
|
| 650 |
0 |
7 |
|a Španělé
|7 ph173226
|z Mexiko
|y 16. století
|2 czenas
|
| 650 |
0 |
7 |
|a historické prameny
|7 ph114671
|z Střední Amerika
|2 czenas
|
| 650 |
0 |
7 |
|a indiánské literatury
|7 ph217770
|z Střední Amerika
|2 czenas
|
| 650 |
0 |
9 |
|a Aztecs
|x history
|2 eczenas
|
| 650 |
0 |
9 |
|a colonization
|z Mexico
|y 16th century
|2 eczenas
|
| 650 |
0 |
9 |
|a Spaniards
|z Mexico
|y 16th century
|2 eczenas
|
| 650 |
0 |
9 |
|a historical sources
|z Central America
|2 eczenas
|
| 650 |
0 |
9 |
|a Indian literature
|z Central America
|2 eczenas
|
| 651 |
|
7 |
|a Mexiko
|7 ge128515
|x dějiny
|y 16. století
|2 czenas
|
| 651 |
|
9 |
|a Mexico
|x history
|y 16th century
|2 eczenas
|
| 655 |
|
7 |
|a prameny
|7 fd131865
|2 czenas
|
| 655 |
|
9 |
|a sources
|2 eczenas
|
| 765 |
0 |
|
|t Visión de los vencidos
|9 Česky
|
| 700 |
1 |
|
|a León-Portilla, Miguel,
|d 1926-2019
|7 jn19990005009
|4 wfw
|4 com
|4 edt
|
| 700 |
1 |
|
|a Garibay K., Ángel María,
|d 1892-1967
|7 jo2013755814
|4 com
|
| 700 |
1 |
|
|a Beltrán, Alberto,
|d 1923-2002
|7 jo2013755810
|4 ill
|
| 910 |
2 |
|
|a BOA001
|b 2-1305.511
|
| 990 |
|
|
|a BK
|
| 995 |
|
|
|a 01
|
| 991 |
|
|
|b 201305
|c NOV
|e n
|
| 996 |
6 |
|
|b 2610549821
|c 2-1305.511
|l MZK
|r Sklad / do 1 hodiny
|n 4
|p p.v.
|w 001329479
|u 000010
|a 1
|e BOA001
|j MZK50
|s P
|